Aesthetic Places by Picture Quiz - Statistics

General Stats
  • This quiz has been taken 82 times
    73 since last reset
  • The average score is 5 of 16
Answer Stats
Picture Answer % Correct
France
100%
Japan
64%
New York
55%
United Kingdom
39%
California
37%
Hawaii
33%
Zambia
28%
South Korea
25%
Shanghai
22%
Madagascar
21%
Australia
13%
Hong Kong
12%
Myanmar
4%
Costa Rica
1%
Chile
0%
Missouri
0%
No matching quizzes found
Score Distribution
Percent of People with Each Score
Percentile by Number Answered
Your Score History
You have not taken this quiz since the last reset